| 000 | 00570nam a22001817a 4500 | ||
|---|---|---|---|
| 003 | OSt | ||
| 005 | 20140310182510.0 | ||
| 008 | 130220t xxu||||| |||| 00| 0 eng d | ||
| 020 | _a9789717251370 | ||
| 050 |
_aPE 1408 _b.Aq657 2007 |
||
| 100 |
_aAquino, Julieta G. _98987 |
||
| 245 |
_aCommunication arts I : _cJulieta G. Aquino, Ligaya A. Viray, Miguel U. Baltazar. _bstudy and thinking skills in english / |
||
| 260 |
_aMakati City : _bGrandwater, _cc2007. |
||
| 300 |
_a246 p. _c21cm. |
||
| 700 |
_aViray, Ligaya A. _98988 |
||
| 942 |
_2lcc _cSSLC |
||
| 999 |
_c13898 _d13898 |
||